| 000 | 00655nas a2200193 a 4500 | ||
|---|---|---|---|
| 005 | 20260317133558.0 | ||
| 007 | ta | ||
| 008 | 241030e1978 dr m||||r||||||0| | spa d | ||
| 040 |
_aDO-SdBNP _cBNPHU _erda |
||
| 050 | _bspa | ||
| 245 | _aPunto | ||
| 260 |
_aSanto Domingo, República Dominicana : _bSecretaría de Interior y Policía, _c1978. |
||
| 300 |
_avolumen : _bilustraciones, fotografías ; _c27 cm. |
||
| 310 | _aMensual. | ||
| 362 | _aAño 1. Núm 1. Sept 1978 | ||
| 650 | 0 |
_aArtes _931065 _vPublicaciones periódicas _zRepública Dominicana |
|
| 650 | 0 |
_aCultura _vPublicaciones periódicas _zRepública Dominicana _989224 |
|
| 942 |
_2ddc _cISSUE |
||
| 999 |
_c57941 _d57941 |
||